Financial Accounting (Record no. 220853)
[ view plain ]
| 000 -LEADER | |
|---|---|
| fixed length control field | 00616nam a22002177a 4500 |
| 005 - DATE AND TIME OF LATEST TRANSACTION | |
| control field | 20250728140503.0 |
| 008 - FIXED-LENGTH DATA ELEMENTS--GENERAL INFORMATION | |
| fixed length control field | 211201b ||||| |||| 00| 0 eng d |
| 040 ## - CATALOGING SOURCE | |
| Transcribing agency | AL |
| 041 ## - LANGUAGE CODE | |
| Language code of text/sound track or separate title | eng |
| 082 ## - DEWEY DECIMAL CLASSIFICATION NUMBER | |
| Edition number | 23 |
| Classification number | 657.48 |
| Item number | MARF |
| 100 ## - MAIN ENTRY--PERSONAL NAME | |
| Personal name | Mariyappa B |
| 100 ## - MAIN ENTRY--PERSONAL NAME | |
| 9 (RLIN) | 220490 |
| 245 ## - TITLE STATEMENT | |
| Title | Financial Accounting |
| 260 ## - PUBLICATION, DISTRIBUTION, ETC. | |
| Place of publication, distribution, etc. | Mumbai |
| Name of publisher, distributor, etc. | Himalaya Publishing House |
| Date of publication, distribution, etc. | 2021 |
| 300 ## - PHYSICAL DESCRIPTION | |
| Extent | 237p |
| Other physical details | PB |
| Dimensions | 24x16cm |
| 365 ## - TRADE PRICE | |
| Price type code | 3764 |
| Price amount | ₹172.00 |
| Currency code | ₹ |
| Unit of pricing | ₹215.00 |
| Price note | 20% |
| Price effective from | 27-11-2021 |
| 650 ## - SUBJECT ADDED ENTRY--TOPICAL TERM | |
| Topical term or geographic name entry element | NEP I SEM BCOM |
| 9 (RLIN) | 11098 |
| 700 ## - ADDED ENTRY--PERSONAL NAME | |
| Personal name | MARIYAPPA (B) |
| 9 (RLIN) | 11099 |
| 700 ## - ADDED ENTRY--PERSONAL NAME | |
| Personal name | Kumar, Rajesh V |
| 9 (RLIN) | 11100 |
| 700 ## - ADDED ENTRY--PERSONAL NAME | |
| Personal name | Kumar, Anil S |
| 9 (RLIN) | 11101 |
| 942 ## - ADDED ENTRY ELEMENTS (KOHA) | |
| Source of classification or shelving scheme | Dewey Decimal Classification |
| Koha item type | Reference |
| Withdrawn status | Lost status | Source of classification or shelving scheme | Damaged status | Not for loan | Collection code | Home library | Current library | Date acquired | Source of acquisition | Cost, normal purchase price | Total Checkouts | Full call number | Barcode | Date last seen | Date last checked out | Cost, replacement price | Price effective from | Koha item type | Total Renewals | Shelving location |
|---|---|---|---|---|---|---|---|---|---|---|---|---|---|---|---|---|---|---|---|---|
| Dewey Decimal Classification | Commerce | St Aloysius Library | St Aloysius Library | 11/30/2021 | Biblios Book Point | 172.00 | 3 | 657.48 MARF | 075111 | 10/18/2025 | 05/03/2025 | 215.00 | 12/01/2021 | Book | ||||||
| Dewey Decimal Classification | Commerce | St Aloysius Library | St Aloysius Library | 11/30/2021 | Biblios Book Point | 172.00 | 1 | 657.48 MARF | 075112 | 01/10/2026 | 12/04/2025 | 215.00 | 12/01/2021 | Book | ||||||
| Dewey Decimal Classification | Commerce | St Aloysius Library | St Aloysius Library | 11/30/2021 | Biblios Book Point | 172.00 | 6 | 657.48 MARF | 075113 | 12/07/2022 | 11/29/2022 | 215.00 | 12/01/2021 | Book | 4 | |||||
| Dewey Decimal Classification | Commerce | St Aloysius Library | St Aloysius Library | 11/30/2021 | Biblios Book Point | 172.00 | 2 | 657.48 MARF | 075114 | 12/14/2022 | 12/03/2022 | 215.00 | 12/01/2021 | Book | 1 | |||||
| Dewey Decimal Classification | Commerce | St Aloysius Library | St Aloysius Library | 11/30/2021 | Biblios Book Point | 172.00 | 2 | 657.48 MARF | 075115 | 09/09/2024 | 07/03/2024 | 215.00 | 12/01/2021 | Book | ||||||
| Dewey Decimal Classification | Reference Book | Management | St Aloysius Library | St Aloysius Library | 11/30/2021 | Biblios Book Point | 172.00 | 1 | 657.48 MARF | 075144 | 12/01/2023 | 08/10/2023 | 215.00 | 12/01/2021 | Reference | Reference Section | ||||
| Dewey Decimal Classification | Management | St Aloysius Library | St Aloysius Library | 11/30/2021 | Biblios Book Point | 172.00 | 657.48 MARF | 075145 | 12/01/2021 | 215.00 | 12/01/2021 | Book |